Medical pharmacology and therapeutics / (Record no. 99122)

MARC details
000 -LEADER
fixed length control field 01017nam a22002897a 4500
005 - DATE AND TIME OF LATEST TRANSACTION
control field 20260421145648.0
008 - FIXED-LENGTH DATA ELEMENTS--GENERAL INFORMATION
fixed length control field 260421b |||||||| |||| 00| 0 eng d
020 ## - INTERNATIONAL STANDARD BOOK NUMBER
International Standard Book Number 978-0-7020-8159-0
040 ## - CATALOGING SOURCE
Transcribing agency URS
Language of cataloging English
Description conventions rda
050 00 - LIBRARY OF CONGRESS CALL NUMBER
Classification number RM300
Item number .W1563 2022
100 1# - MAIN ENTRY--PERSONAL NAME
Personal name Waller, Derek,
Relator term author.
245 10 - TITLE STATEMENT
Title Medical pharmacology and therapeutics /
Statement of responsibility, etc Derek G. Waller, Anthony P. Sampson, Andrew W. Hitchings.
250 ## - EDITION STATEMENT
Edition statement Sixth edition.
264 ## - PUBLICATION, DISTRIBUTION, ETC. (IMPRINT)
Place of publication, distribution, etc Edinburgh :
Name of publisher, distributor, etc Saunders/Elsevier,
Date of publication, distribution, etc ©2022.
300 ## - PHYSICAL DESCRIPTION
Extent vii, 742 pages :
Other physical details color illustrations ;
Dimensions 28 cm.
336 ## - CONTENT TYPE
Content type term text
Content type code txt
Source rdacontent
337 ## - MEDIA TYPE
Media type term unmediated
Media type code n
Source rdamedia
338 ## - CARRIER TYPE
Carrier type term volume
Carrier type code nc
Source rdacarrier
504 ## - BIBLIOGRAPHY, ETC. NOTE
Bibliography, etc Includes bibliographical references and index.
650 12 - SUBJECT ADDED ENTRY--TOPICAL TERM
Topical term or geographic name as entry element Pharmaceutical Preparations.
650 12 - SUBJECT ADDED ENTRY--TOPICAL TERM
Topical term or geographic name as entry element Pharmacological Phenomena.
650 22 - SUBJECT ADDED ENTRY--TOPICAL TERM
Topical term or geographic name as entry element Drug Therapy.
650 22 - SUBJECT ADDED ENTRY--TOPICAL TERM
Topical term or geographic name as entry element Pharmacology, Clinical
General subdivision methods.
700 1# - ADDED ENTRY--PERSONAL NAME
Personal name Sampson, Anthony P.,
Dates associated with a name 1962-
Relator term author.
700 1# - ADDED ENTRY--PERSONAL NAME
Personal name Hitchings, Andrew W.,
Relator term author.
942 ## - ADDED ENTRY ELEMENTS (KOHA)
Source of classification or shelving scheme Library of Congress Classification
Koha item type Reserved Books
Holdings
Withdrawn status Lost status Source of classification or shelving scheme Damaged status Not for loan Collection code Home library Current library Shelving location Date acquired Source of acquisition Cost, normal purchase price Total Checkouts Full call number Barcode Date last seen Copy number Cost, replacement price Price effective from Koha item type
    Library of Congress Classification     Non-fiction Taytay College Library Taytay College Library Medicine Collection 03/20/2026 Purchased 7110.00   RM300 .W1563 2022 URSTAY-6096 03/20/2026 1 7110.00 03/20/2026 Reserved Books

University of Rizal System
Email us at univlibservices@urs.edu.ph

Visit our Website www.urs.edu.ph/library